000 00665nam a2200217 a 4500
005 20220517155639.0
008 191031s1992 mx fr 000 0 spa d
020 _a9688953911
035 _aUPN01000233816
040 _aMX-MxUPN
_bspa
_cMX-MxUPN
050 1 4 _aHM1101
_bL8.7
100 1 _aLuhmann, Niklas,
_d1927-1998
_931939
245 1 0 _aSociología del riesgo /
_cNiklas Luhmann.
260 _aMéxico :
_bUniversidad Iberoamericana :
_bUniversidad de Guadalajara,
_c1992.
300 _a285 páginas
490 _aLaberinto de cristal
650 2 _914370
_aRiesgo
_xAspectos sociológicos
905 _aLibro
942 _2lcc
_cLIBRO
999 _c205911
_d205911